| 000 | 00783nam a2200229Ia 4500 | ||
|---|---|---|---|
| 003 | BUBTL | ||
| 008 | 151213s9999 xx 000 0 und d | ||
| 020 | _a0-003-035179-0 | ||
| 082 |
_a658.049 _bCZB |
||
| 100 | _aMichale R. Czinkola,Ilkka A. Ronkainen, & Michal H. Moffett | ||
| 245 |
_aInternational Business _cMichale R. Czinkola,Ilkka A. Ronkainen, & Michal H. Moffett |
||
| 250 | _a6th | ||
| 260 |
_aAustralia _bThomson South - Western _c2002 |
||
| 300 |
_a[xxviii] , 672p . : _bill , Graph , Table , Maps ; 22cm . _cBusiness . |
||
| 500 | _aIncludes Index . | ||
| 650 | _aBusiness | ||
| 650 | _aBusiness | ||
| 700 | _aMichale R. Czinkola,Ilkka A. Ronkainen, & Michal H. Moffett | ||
| 856 |
_k0 _l0 _yDownload |
||
| 942 |
_2ddc _cBK |
||
| 999 |
_c3462 _d3462 |
||